| 000 | 00728nam a2200217 4500 | ||
|---|---|---|---|
| 001 | 121225 | ||
| 003 | ES-MaACL | ||
| 005 | 20250929063158.0 | ||
| 007 | t| | ||
| 008 | 070214q1909 fr r ||||1| spa d | ||
| 100 | 1 |
_aPrévost, Marcel, _d1862-1941 _993819 |
|
| 245 | 1 | 0 |
_aCartas a Paquita / _cMarcel Prévost ; versión castellana por Francisca A. de la Barella. |
| 260 |
_aParis : _bLibrería Paul Ollendorf, _c[ca. 1909] |
||
| 300 |
_aXII, 320 p. ; _c19 cm. |
||
| 490 | 1 |
_aVeladas del hogar ; _v1 |
|
| 500 | _aTraducción de: Lettres áa Françoise. | ||
| 700 | 1 |
_aBarella, Francisca A. de la. _925615 |
|
| 830 | 0 |
_aVeladas del hogar ; _v1 _9218734 |
|
| 852 |
_aES-MaACL _jD-888 |
||
| 999 |
_c121225 _d121225 |
||